Valuing the environment : six case studies
Αποθηκεύτηκε σε:
| Άλλοι συγγραφείς: | , |
|---|---|
| Μορφή: | Βιβλίο |
| Γλώσσα: | English |
| Δημοσίευση: |
London :
Earthscan,
1995.
|
| Θέματα: | |
| Ετικέτες: |
Προσθήκη ετικέτας
Δεν υπάρχουν, Καταχωρήστε ετικέτα πρώτοι!
|
MARC
| LEADER | 00000cam a2200000 i 4500 | ||
|---|---|---|---|
| 001 | 1/101016 | ||
| 008 | 951009s1995 eng d | ||
| 020 | |a 1-85383-074-7 | ||
| 035 | |l 10011928 | ||
| 040 | |a GR-MY-UA |b gre |e aacr | ||
| 041 | 0 | |a eng | |
| 082 | 0 | |a 363.7 | |
| 245 | 1 | 0 | |a Valuing the environment : |b six case studies / |c Edited by Jean-Philippe Barde, David W. Pearce. |
| 260 | |a London : |b Earthscan, |c 1995. | ||
| 300 | |a 271 σ. | ||
| 504 | |a Περιλαμβάνει ευρετήριο. | ||
| 650 | 0 | 0 | |a Environmental policy |x Research. |
| 650 | 0 | 0 | |a Environmental policy |x Evaluation |x Case studies. |
| 700 | 1 | |a Barde, Jean-Philippe, |e edt | |
| 700 | 1 | |a Pearce, David W. |q (David William) |e edt | |
| 852 | |a INST |b LESVOS |e 19951009 |h 363.7 VAL |p 005100008936 |q 005100008936 |t BK |y 0 | ||
| 909 | |a Λ |b 042030 | ||
| 950 | |a 054-1995-02-23 | ||